000 01995cam a2200409 i 4500
001 zcodcb b8843468
003 WiMaMI
005 20250702172213.0
007 t|
008 250521s2025 mnuad j 001 0 eng
010 _a 2024015031
020 _a9798892000857
_qLibrary bound book
040 _aDLC
_dWiMaMI
_beng
_erda
044 _amnu
092 _achildren nonfiction
_bGrack
100 1 _aKoestler-Grack, Rachel A.,
_d1973-
_eauthor.
_4aut.
_95745867
245 1 0 _aCurious about breakaway roping /
_cby Rachel Grack.
263 _a2501.
264 1 _aMankato, Minnesota :
_bAmicus Learning,
_c[2025]
264 1 _a[Place of publication not identified] :
_ban imprint of Amicus,
_c[2025]
264 4 _cÃ2025.
300 _a24 pages :
_bcolor illustrations, charts ;
_c23 cm.
336 _atext
337 _aunmediated
338 _avolume
490 1 _aCurious about rodeo.
500 _aIncludes index.
505 0 _aFast catch -- The event -- Bringing home the win -- Stay curious! Learn more.
520 _aDon't blink! Breakaway roping is an incredibly fast timed rodeo event performed in rodeo competitions across the United States. Explore the speed and skills breakaway ropers need to rope a calf in this inquiry-based nonfiction book. Catch the eye of elementary-aged readers with the high-interest topic of rodeo sports with a question-and-answer format. "Did You Know" facts and infographics help visual learners rope in new concepts. A "Stay Curious" feature encourages readers to keep asking questions and works to expand their research skills. Includes table of contents, glossary, books and websites for further research, and index.
521 0 _a2
_bAmicus.
521 2 _a1-4
_bAmicus.
521 8 _a570
_bLexile.
526 0 _aAccelerated Reader
_bLG
_c2.9
_d0.5
_z552778.
526 0 _aAccelerated Reader
_bLG
_c3.0
_d0.5
_z552312SP.
830 0 _aCurious about rodeo.
_96547723
942 _2ddc
_cBOOK
999 _c409599
_d409599